Tallers 4rt curs de l'Institut del Teatre, Escola Superior d'Art Dramàtic, Escola de Tècniques de les Arts de l'Espectacle : Teatre Estudi, Teatre Ovidi Montllor, Teatre Alegria, Sala Maria Plans : de l'1 al 18 de febrer del 2001 Teatre Estudi, Teatre Ovidi Montllor, Teatre Alegria, Sala Maria Plans :
Descripción Física:
1 desplegable de 42 x 50 cm
MARC
| LEADER | 00000nam a2200000Ia 4500 | ||
|---|---|---|---|
| 001 | 13269 | ||
| 008 | 160829s2001 xx 000 0 cat d | ||
| 080 | |a FU-14-85 | ||
| 110 | 1 | |a Institut del Teatre (Barcelona, Catalunya) |9 52662 | |
| 245 | |a Tallers 4rt curs de l'Institut del Teatre, Escola Superior d'Art Dramàtic, Escola de Tècniques de les Arts de l'Espectacle : |b Teatre Estudi, Teatre Ovidi Montllor, Teatre Alegria, Sala Maria Plans : |b de l'1 al 18 de febrer del 2001 | ||
| 260 | |a Barcelona : |b l'Institut, |c 2001 | ||
| 300 | |a 1 desplegable de 42 x 50 cm | ||
| 610 | 1 | 0 | |a Institut del Teatre (Barcelona, Catalunya) |9 52662 |
| 650 | |a Tallers (Ensenyament) |9 33157 | ||
| 901 | |a Arxiu | ||
| 942 | |n 1 | ||
| 952 | |0 0 |1 0 |4 0 |6 FU1485 |7 1 |9 46216 |a Arxiu |b Arxiu |d 2016-12-01 |l 0 |o FU-14-85 |p 13269 |r 2016-12-01 00:00:00 |w 2016-12-01 |y ARXIU | ||
| 999 | |c 49718 |d 49718 | ||